000 00695nab a22002297a 4500
001 22475
003 HDC
007 cr bn ---aaaaa
008 210128c20161122my ||||| |||| 00| 0 may d
040 _aHDC
245 0 _aTiga bidang pacu kewangan islam
336 _atext
_2rdacontent
337 _acomputer
_2rdamedia
338 _aonline resource
_2rdacarrier
650 _aFinancial
_9269
650 _aIslamic finance
_9181
710 _aBerita Harian
856 _zRequest full-text at [email protected]
942 _2lcc
942 _cNEWS
942 _kNWSC 006608
999 _c19791
_d19791